000 00485nam a2200157Ia 4500
008 151213s9999 xx 000 0 und d
082 _a658.15224
_b658.15224
100 _aNechols, J.E.
245 _aTransforming fund raising
_bA practical guide to ivoluating & Strengthening fund raising to Grow with cha
_cNechols, J.E.
260 _aSan Francisco
_bJossey Bass
_c1999
300 _a1786 p.
650 _aFinance
650 _aFinance
700 _aNechols, J.E.
999 _c1312
_d1312